000 00662nam a2200241Ia 4500
001 18567
003 GE_BSU
008 181216s||||||||xx |||||||||||||| ||und||
020 _a9781514289617
040 _cGE_BSU
080 _a001.815
100 _aOrina, Isaac, Dr Alfred.
245 _aScientific Writing for Students and Young Scientists
260 _a(United States)
260 _b?
260 _c2015
300 _a77p;21cm.
653 _aFor students and young scientists
653 _aScientific Writing
653 _aScientific Writing for Students and Young Scientists
653 _aსამეცნიერო წერა
942 _cBK
999 _c51576
_d51576